[Event "Donau Open 98"]
[Site "Wien"]
[Date "1998.05.20"]
[Round "5"]
[White "Tibensky, R"]
[Black "Mahdy, K"]
[Result "1-0"]
[WhiteElo "2435"]
[BlackElo "2405"]
[PlyCount "70"]
[EventDate "1998.05.20"]

1. c4 g6 2. Nc3 Bg7 3. g3 c5 4. Bg2 Nf6 5. e3 O-O 6. Nge2 d6 7. O-O Nc6 8. d4
Bd7 9. b3 Qc8 10. Re1 Bh3 11. Bh1 Bg4 12. Qd2 Bh6 13. f3 cxd4 14. Nxd4 Bd7 15.
Bb2 Nxd4 16. Qxd4 Bc6 17. Bg2 Qd8 18. Kh1 Bg7 19. Qd2 Qa5 20. Rad1 Rfc8 21. e4
Kf8 22. Ba1 Rab8 23. Bh3 Rc7 24. Bf1 a6 25. a4 Qh5 26. Qf2 Qa5 27. Qe3 Re8 28.
Rb1 Qh5 29. Ne2 Kg8 30. Kg2 Rcc8 31. Bc3 b5 32. Nf4 Qh6 33. axb5 axb5 34. Bxf6
exf6 35. cxb5 35... Bb7 {} 1-0

[Event "Donau Open 98"]
[Site "Wien"]
[Date "1998.05.20"]
[Round "5"]
[White "Posch, W"]
[Black "Balinov, I"]
[Result "1/2-1/2"]
[WhiteElo "2270"]
[BlackElo "2485"]
[PlyCount "87"]
[EventDate "1998.05.20"]

1. e4 e6 2. d3 d5 3. Nd2 Nf6 4. Ngf3 Nc6 5. c3 dxe4 6. dxe4 Bc5 7. Bc4 Ng4 8.
O-O Nce5 9. Nxe5 Nxe5 10. Qh5 Qf6 11. Be2 Bb6 12. Nc4 Nxc4 13. Bxc4 Bd7 14. Bb5
O-O-O 15. Be2 Qg6 16. Qxg6 hxg6 17. Bf4 Bc6 18. e5 Be4 19. Rfd1 Bc2 20. Rxd8+
Rxd8 21. Bf3 a5 22. Rc1 Ba4 23. Kf1 Bc5 24. Ke2 Bb5+ 25. c4 Ba6 26. Be3 Bd4 27.
Bxd4 Rxd4 28. b3 c5 29. Ke3 g5 30. Rd1 Rd7 31. a4 b6 32. Rxd7 Kxd7 33. Ba8 Bc8
34. f4 gxf4+ 35. Kxf4 Ke7 36. Bc6 Bd7 37. Bxd7 Kxd7 38. g4 f6 39. h4 Ke7 40. h5
Kf7 41. g5 f5 42. g6+ Kf8 43. Kg5 Kg8 44. Kf4 1/2-1/2

[Event "Donau Open 98"]
[Site "Wien"]
[Date "1998.05.20"]
[Round "5"]
[White "Mujovic, S"]
[Black "Kummer, H"]
[Result "0-1"]
[WhiteElo "2235"]
[BlackElo "2370"]
[PlyCount "56"]
[EventDate "1998.05.20"]

1. e4 Nc6 2. Nf3 d6 3. d4 Nf6 4. Nc3 Bg4 5. Be3 a6 6. Be2 e6 7. Qd2 d5 8. Bg5
dxe4 9. Ne5 Bxe2 10. Nxc6 bxc6 11. Nxe2 h6 12. Bf4 Bd6 13. Qc3 O-O 14. Be5 Rb8
15. O-O Nd5 16. Qxc6 Rxb2 17. a3 Qa8 18. Qc4 Qb7 19. Ng3 f5 20. Rfc1 Qb5 21.
Qxb5 axb5 22. c4 bxc4 23. Rxc4 e3 24. f3 Bxa3 25. Kf1 Rfb8 26. Rxc7 Nxc7 27.
Bxc7 Rf2+ 28. Ke1 Rbb2 0-1

[Event "Donau Open 98"]
[Site "Wien"]
[Date "1998.05.20"]
[Round "5"]
[White "Wockenfuss, K"]
[Black "Certek, P"]
[Result "1/2-1/2"]
[WhiteElo "2320"]
[BlackElo "2255"]
[PlyCount "78"]
[EventDate "1998.05.20"]

1. d4 Nf6 2. g3 d5 3. Bg2 g6 4. Nf3 Bg7 5. O-O O-O 6. c4 dxc4 7. Na3 c6 8. Nxc4
Be6 9. b3 Bd5 10. a4 a5 11. Bb2 Na6 12. Rc1 Nb4 13. Ba3 Ne4 14. Qe1 Bh6 15.
Bxb4 axb4 16. Qxb4 Bxc1 17. Rxc1 Nf6 18. Nb6 Rb8 19. a5 Re8 20. Qc3 Qd6 21. b4
Rbd8 22. e3 Be4 23. Ne5 Bxg2 24. Kxg2 Nd5 25. Nxd5 Qxd5+ 26. Kg1 f6 27. Nc4 Qf3
28. Nd2 Qe2 29. Ne4 Kg7 30. Nc5 e5 31. Nxb7 exd4 32. exd4 Rd5 33. Qxc6 Rxd4 34.
Nd6 Re7 35. a6 Rxb4 36. a7 Rb2 37. Rf1 Rxa7 38. Ne8+ Kf7 39. Qxf6+ Kg8 1/2-1/2

[Event "Donau Open 98"]
[Site "Wien"]
[Date "1998.05.20"]
[Round "5"]
[White "Todor, R"]
[Black "Lendwai, R"]
[Result "1/2-1/2"]
[WhiteElo "2160"]
[BlackElo "2395"]
[PlyCount "35"]
[EventDate "1998.05.20"]

1. c4 c5 2. Nc3 Nf6 3. Nf3 Nc6 4. g3 d5 5. d4 e6 6. cxd5 Nxd5 7. Bg2 Nf6 8. e3
Be7 9. O-O O-O 10. a3 cxd4 11. exd4 Qb6 12. Na4 Qb5 13. Nc3 Qb6 14. Na4 Qb5 15.
Nc3 Qa5 16. Qe2 Rd8 17. Rd1 Bd7 18. Bf4 1/2-1/2

[Event "Donau Open 98"]
[Site "Wien"]
[Date "1998.05.20"]
[Round "5"]
[White "Wallner, J"]
[Black "Dueckstein, A"]
[Result "0-1"]
[WhiteElo "2185"]
[BlackElo "2360"]
[PlyCount "44"]
[EventDate "1998.05.20"]

1. e4 e6 2. d3 d5 3. Nd2 Nc6 4. Ngf3 Nf6 5. e5 Nd7 6. d4 f6 7. exf6 Qxf6 8. Nb3
e5 9. dxe5 Ndxe5 10. Be2 Nxf3+ 11. Bxf3 Be6 12. Be3 O-O-O 13. Nd4 Nxd4 14. Qxd4
c5 15. Qd2 h6 16. Qa5 Qxb2 17. O-O Qb6 18. Qa3 Bd6 19. Rab1 Qa6 20. Qc3 20...
Rd7 {} 21. Be2 Qxe2 22. Rfe1 Qc4 0-1

[Event "Donau Open 98"]
[Site "Wien"]
[Date "1998.05.20"]
[Round "5"]
[White "Petran, P"]
[Black "Vavrak, P"]
[Result "1-0"]
[WhiteElo "2335"]
[BlackElo "2210"]
[PlyCount "67"]
[EventDate "1998.05.20"]

1. f4 Nf6 2. g3 g6 3. Bg2 d5 4. d3 Bg7 5. c3 O-O 6. Nh3 c5 7. O-O Nc6 8. Nf2 e5
9. e4 Be6 10. Nd2 Re8 11. Nf3 exf4 12. gxf4 c4 13. Ng5 cxd3 14. e5 Nd7 15. Nxe6
fxe6 16. Nxd3 b5 17. Kh1 Nb6 18. Qg4 Rc8 19. Be3 a5 20. Bf2 b4 21. Nc5 Kf7 22.
Nb7 Qc7 23. Nd6+ Kg8 24. Nxc8 Nxc8 25. cxb4 axb4 26. Rfc1 Nb6 27. Rc2 Qb7 28.
Rac1 Nd8 29. Rc7 Qb8 30. b3 Rf8 31. Bh4 Rf5 32. Bh3 Bh6 33. Bxd8 Bxf4 34. Rxh7
1-0

[Event "Donau Open 98"]
[Site "Wien"]
[Date "1998.05.20"]
[Round "5"]
[White "Wais, M"]
[Black "Rittler, R"]
[Result "0-1"]
[WhiteElo "2095"]
[BlackElo "2235"]
[PlyCount "80"]
[EventDate "1998.05.20"]

1. d4 Nf6 2. c4 e6 3. Nc3 Bb4 4. Qc2 c5 5. dxc5 Na6 6. a3 Bxc3+ 7. Qxc3 Nxc5 8.
f3 d5 9. e3 O-O 10. b4 Na4 11. Qe5 Bd7 12. g4 Rc8 13. Ne2 dxc4 14. g5 Nd5 15.
e4 f6 16. Qd4 Ndb6 17. Rg1 e5 18. Qf2 f5 19. Ng3 f4 20. Nf5 g6 21. Nh6+ Kg7 22.
Qh4 Rc6 23. Ra2 Rd6 24. Rd2 Rxd2 25. Bxd2 c3 26. Bc1 Be6 27. Bh3 Bxh3 28. Qxh3
Qd6 29. Ng4 Nd7 30. Qf1 a6 31. Nf2 b5 32. h4 Ndb6 33. h5 gxh5 34. Rh1 Rd8 35.
Rxh5 Qg6 36. Qh3 Kg8 37. Kf1 c2 38. Rh6 Qxg5 39. Rh4 Rd1+ 40. Ke2 Nc3# 0-1

[Event "Donau Open 98"]
[Site "?"]
[Date "????.??.??"]
[Round "6"]
[White "Kummer, H"]
[Black "Stanec, N"]
[Result "1/2-1/2"]
[WhiteElo "2370"]
[BlackElo "2485"]
[PlyCount "158"]
[EventDate "1996.??.??"]

1. d4 Nf6 2. c4 e6 3. Nf3 b6 4. g3 Ba6 5. b3 Bb4+ 6. Bd2 Be7 7. Bg2 c6 8. O-O
d5 9. Ne5 Nfd7 10. Nxd7 Nxd7 11. Bc3 O-O 12. Nd2 f5 13. Bb2 b5 14. Rc1 bxc4 15.
bxc4 Rb8 16. Bc3 Nb6 17. c5 Nc4 18. Nxc4 Bxc4 19. Qa4 Bb5 20. Qc2 Qc8 21. a4
Bc4 22. Rb1 Qa6 23. Bf3 Bf6 24. Rfd1 Rfe8 25. Rb2 Rxb2 26. Qxb2 Re7 27. Qb8+
Kf7 28. Re1 g6 29. a5 Rb7 30. Qf4 Rb3 31. Qd2 Qb5 32. h3 Qb8 33. g4 Kg8 34. Rc1
Bg7 35. Kg2 Rb7 36. Rc2 Bb5 37. Rb2 Re7 38. Qc2 Qf4 39. Qd2 Qc7 40. Rb1 Rf7 41.
Qe3 Qe7 42. Qd2 Bf6 43. Bb2 Bg5 44. Qc3 Bf4 45. Bc1 Bb8 46. Bd2 a6 47. Rh1 Qf6
48. g5 Qe7 49. h4 Rf8 50. Qc1 f4 51. Bc3 Re8 52. Bb2 Bc7 53. Qd2 Qf8 54. Re1
Qf5 55. Bc3 Re7 56. Rh1 h6 57. gxh6 Rh7 58. Qd1 Rxh6 59. Rh2 Bd8 60. Qh1 Qc2
61. Qe1 Qf5 62. e4 fxe3 63. Qxe3 Rxh4 64. Rxh4 Bxh4 65. Bd2 Bf6 66. Bd1 Kf7 67.
f4 Bg7 68. Kg3 Qd3 69. Qxd3 Bxd3 70. Be3 g5 71. Bh5+ Ke7 72. fxg5 e5 73. dxe5
Bxe5+ 74. Bf4 Bc3 75. Bd6+ Ke6 76. Bg4+ Kf7 77. Bd7 Bb5 78. Kh4 Bxa5 79. Be5
Bd8 1/2-1/2

[Event "Donau Open 98"]
[Site "?"]
[Date "????.??.??"]
[Round "6"]
[White "Alvir, A"]
[Black "Schroll, G"]
[Result "1/2-1/2"]
[WhiteElo "2400"]
[BlackElo "2395"]
[PlyCount "58"]
[EventDate "1996.??.??"]

1. e4 Nf6 2. e5 Nd5 3. d4 d6 4. Nf3 Nc6 5. c4 Nb6 6. exd6 exd6 7. a4 a5 8. Be2
Be7 9. O-O O-O 10. h3 Bf6 11. Nc3 Bf5 12. Bf4 Nb4 13. Rc1 c6 14. b3 Re8 15. Qd2
h6 16. Rfd1 d5 17. Bf1 Be6 18. c5 Nd7 19. g4 Nf8 20. Ne5 Bg5 21. Ne2 f6 22. Nf3
Bxf4 23. Nxf4 Bf7 24. Nd3 Nxd3 25. Bxd3 Ng6 26. Re1 Qc7 27. Rxe8+ Rxe8 28. Bxg6
Bxg6 29. Re1 Rxe1+ 1/2-1/2

[Event "Donau Open 98"]
[Site "?"]
[Date "????.??.??"]
[Round "6"]
[White "Stoll, T"]
[Black "Balinov, I"]
[Result "0-1"]
[WhiteElo "2280"]
[BlackElo "2485"]
[PlyCount "88"]
[EventDate "1996.??.??"]

1. d4 Nf6 2. Nf3 g6 3. Bg5 Bg7 4. Nbd2 d6 5. e4 h6 6. Bh4 O-O 7. Be2 Qe8 8. O-O
e5 9. dxe5 dxe5 10. Re1 Nbd7 11. h3 Nc5 12. Bf1 Nh5 13. b4 Ne6 14. Nc4 f6 15.
c3 Kh7 16. Qc2 Nhf4 17. Ne3 Bd7 18. c4 c5 19. Rab1 cxb4 20. Rxb4 Nc5 21. Nd5
Nfe6 22. Nd2 Rf7 23. f3 Bc6 24. Bf2 Bf8 25. Rbb1 h5 26. Be3 Bh6 27. Bxh6 Kxh6
28. Nb3 Qf8 29. Qf2 Kg7 30. h4 Ba4 31. g3 Bxb3 32. axb3 a5 33. f4 Nd4 34. Re3
Qd6 35. b4 axb4 36. Rxb4 Ra6 37. f5 gxf5 38. exf5 Qd7 39. Bh3 Ra1+ 40. Kg2 Rc1
41. Rb2 Qa4 42. Nc3 Qxc4 43. Ne4 Nd3 44. Rxd3 Qxd3 0-1

[Event "Donau Open 98"]
[Site "?"]
[Date "????.??.??"]
[Round "6"]
[White "Hangweyrer, M"]
[Black "Wockenfuss, K"]
[Result "1/2-1/2"]
[WhiteElo "2385"]
[BlackElo "2320"]
[PlyCount "125"]
[EventDate "1996.??.??"]

1. e4 c5 2. Nf3 e6 3. c3 d5 4. exd5 exd5 5. d4 Nc6 6. Bb5 Bd6 7. O-O Nge7 8.
dxc5 Bxc5 9. Nbd2 O-O 10. Nb3 Bb6 11. Nfd4 Qd6 12. Re1 Nf5 13. Nxf5 Bxf5 14.
Be3 Bxe3 15. Rxe3 Rad8 16. Bxc6 bxc6 17. Qd4 Rd7 18. Rae1 h6 19. Nc5 Rc7 20. b4
Kh7 21. a4 f6 22. a5 Rff7 23. h3 Rfe7 24. Na6 Rxe3 25. Qxe3 Rd7 26. Nc5 Rc7 27.
Qg3 Qd8 28. Qf4 Bc8 29. Qe3 Qd6 30. Qd3+ Kg8 31. Qe3 Kh7 32. Qg3 Qd8 33. Qd3+
Kg8 34. c4 Re7 35. Rxe7 Qxe7 36. cxd5 Qe1+ 37. Kh2 Qxb4 38. Ne4 cxd5 39. Qxd5+
Kh8 40. Qd8+ Kh7 41. Nxf6+ gxf6 42. Qc7+ Kg6 43. Qxc8 Qxa5 44. Qg8+ Kf5 45.
Qg4+ Ke5 46. Qh5+ f5 47. Qxh6 Qb6 48. Qg7+ Ke4 49. Qe7+ Kd5 50. f4 Qd4 51. Qb7+
Ke6 52. Qc8+ Qd7 53. Qc3 Qd5 54. Qc8+ Qd7 55. Qg8+ Kd6 56. Qc4 Ke7 57. h4 Kf8
58. Kh3 Kg7 59. Qc3+ Kh7 60. Qf6 a5 61. h5 a4 62. Qc3 Qg7 63. Qb4 1/2-1/2

[Event "Donau Open 98"]
[Site "?"]
[Date "????.??.??"]
[Round "6"]
[White "Lendwai, R"]
[Black "Posch, W"]
[Result "0-1"]
[WhiteElo "2395"]
[BlackElo "2270"]
[PlyCount "76"]
[EventDate "1996.??.??"]

1. c4 e5 2. a3 g6 3. Nc3 Bg7 4. g3 d6 5. Bg2 Nc6 6. e3 Be6 7. d3 Qd7 8. Nge2
Bh3 9. Bf3 Nge7 10. Bd2 O-O 11. Qc2 Nd8 12. Ng1 Be6 13. Bg2 c6 14. Nge2 d5 15.
Na4 b6 16. Rd1 Rc8 17. b4 f5 18. O-O Bf7 19. Bc3 Ne6 20. Ba1 d4 21. exd4 exd4
22. Rde1 f4 23. Bh3 f3 24. Nf4 Nf5 25. Nxe6 Bxe6 26. Re4 Rce8 27. Qd1 Nd6 28.
Bxe6+ Rxe6 29. Rh4 g5 30. Rh5 Re2 31. h3 Nf5 32. g4 Ne3 33. Qc1 Nxf1 34. Rxg5
Nd2 35. Nc3 Qe7 36. Nxe2 fxe2 37. Rxg7+ Kxg7 38. Bxd4+ Kg8 0-1

[Event "Donau Open 98"]
[Site "?"]
[Date "????.??.??"]
[Round "6"]
[White "Mahdy, K"]
[Black "Todor, R"]
[Result "1-0"]
[WhiteElo "2405"]
[BlackElo "2160"]
[PlyCount "39"]
[EventDate "1996.??.??"]

1. e4 e6 2. d4 d5 3. Nc3 dxe4 4. Nxe4 Nd7 5. Nf3 Ngf6 6. Nxf6+ Nxf6 7. Bd3 c5
8. O-O Qc7 9. Qe2 Be7 10. dxc5 Bxc5 11. Bg5 Be7 12. Bb5+ Bd7 13. Ne5 Bxb5 14.
Qxb5+ Nd7 15. Rad1 Rd8 16. Rxd7 Rxd7 17. Rd1 a6 18. Rxd7 axb5 19. Rxc7 Bxg5 20.
Nxf7 1-0

[Event "Donau Open 98"]
[Site "?"]
[Date "????.??.??"]
[Round "6"]
[White "Kreindl, H"]
[Black "Steinert, M"]
[Result "1-0"]
[WhiteElo "2270"]
[BlackElo "2170"]
[PlyCount "77"]
[EventDate "1996.??.??"]

1. e4 c5 2. c3 d5 3. exd5 Qxd5 4. d4 cxd4 5. cxd4 e5 6. Nf3 Nc6 7. Nc3 Bb4 8.
Bd2 Bxc3 9. Bxc3 e4 10. Ne5 Nxe5 11. dxe5 Ne7 12. Qe2 e3 13. Qxe3 Nf5 14. Qd3
Qe6 15. Qb5+ Bd7 16. Qxb7 O-O 17. Bb5 Bxb5 18. Qxb5 Nh4 19. Rg1 Qg4 20. Qe2
Nxg2+ 21. Kf1 Qxe2+ 22. Kxe2 Nf4+ 23. Kf3 Nd5 24. Bd4 Rfe8 25. Rac1 Re6 26. Rc5
Rd8 27. Ra5 a6 28. Rc1 h6 29. Rcc5 Nb4 30. Ke4 f5+ 31. Kxf5 Re7 32. Ke4 Red7
33. Be3 Nd3 34. Rc2 Rb8 35. a3 Nxb2 36. Rxa6 Nd3 37. Rd6 Nxe5 38. Kxe5 Rb5+ 39.
Ke6 1-0

[Event "Donau Open 98"]
[Site "?"]
[Date "????.??.21"]
[Round "6"]
[White "Rittler, R"]
[Black "Havlicek, J"]
[Result "1/2-1/2"]
[WhiteElo "2225"]
[BlackElo "2160"]
[PlyCount "23"]
[EventDate "1996.??.??"]

1. d4 Nf6 2. c4 g6 3. Nc3 Bg7 4. e4 d6 5. f4 O-O 6. Nf3 Bg4 7. Be3 Nbd7 8. h3
Bxf3 9. Qxf3 c5 10. d5 Qb6 11. O-O-O a6 12. Rd2 1/2-1/2

[Event "Donau Open 98"]
[Site "?"]
[Date "????.??.??"]
[Round "6"]
[White "Bachmayer, J"]
[Black "Mujovic, S"]
[Result "0-1"]
[WhiteElo "2105"]
[BlackElo "2235"]
[PlyCount "138"]
[EventDate "1996.??.??"]

1. d4 Nf6 2. Nc3 d5 3. Bg5 Bf5 4. Bxf6 exf6 5. e3 Bb4 6. Bd3 Qd7 7. Nge2 O-O 8.
O-O c6 9. Ng3 Bg4 10. Nce2 Bd6 11. c4 dxc4 12. Bxc4 Qe7 13. Qc2 g6 14. Rac1 a5
15. Ne4 Bc7 16. Bd3 Na6 17. a3 Rfd8 18. Rfe1 Bc8 19. N4c3 f5 20. g3 Be6 21. Nf4
Bxf4 22. gxf4 Nc7 23. Qe2 b5 24. Nb1 Bd5 25. f3 Ne6 26. Nc3 Bb3 27. Bc2 Bc4 28.
Bd3 Bb3 29. Bc2 Bc4 30. Bd3 Bxd3 31. Qxd3 Nc5 32. Qc2 Na6 33. Qf2 b4 34. Nb1 c5
35. Nd2 cxd4 36. exd4 Qd6 37. Nc4 Qxf4 38. Nb6 Rab8 39. d5 Nc7 40. Qc5 bxa3 41.
bxa3 Nb5 42. Qxb5 Qd4+ 43. Kh1 Qxb6 44. Qxb6 Rxb6 45. Rc5 Rbd6 46. Rd1 a4 47.
Rd4 Kg7 48. f4 R8d7 49. Kg2 f6 50. h4 Kh6 51. Kg3 Kh5 52. Ra5 h6 53. Rc5 Rb6
54. Rxa4 Rb3+ 55. Kf2 Rd6 56. Raa5 Kg4 57. Rc6 Rxc6 58. dxc6 Rc3 59. Ra6 Kxf4
60. c7 Rc2+ 61. Ke1 Rxc7 62. Rxf6 g5 63. Rxh6 g4 64. h5 g3 65. Rg6 Kf3 66. h6
Rc1+ 67. Kd2 Rh1 68. a4 g2 69. a5 Rxh6 0-1

[Event "Donau Open 98"]
[Site "?"]
[Date "????.??.??"]
[Round "6"]
[White "Vavrak, P"]
[Black "Somasundram, J"]
[Result "1-0"]
[WhiteElo "2210"]
[BlackElo "2090"]
[PlyCount "74"]
[EventDate "1996.??.??"]

1. d4 Nf6 2. Nf3 e6 3. c4 c5 4. g3 cxd4 5. Nxd4 Bc5 6. Bg2 Qb6 7. e3 Nc6 8. Ne2
O-O 9. Nbc3 Rd8 10. a3 d5 11. Na4 Qa6 12. Nxc5 Qxc4 13. Nb3 e5 14. O-O Bf5 15.
Nc3 d4 16. exd4 exd4 17. Nd2 Qa6 18. Nce4 Nd5 19. b4 Ne3 20. fxe3 dxe3 21. Rxf5
Nd4 22. Bf1 e2 23. Bxe2 Nxe2+ 24. Kg2 Nd4 25. Rf2 f5 26. Ng5 Qc6+ 27. Kg1 h6
28. Ngf3 Qc3 29. Nxd4 Qxa1 30. Qb3+ Kh7 31. Qb2 Qxb2 32. Bxb2 Rac8 33. Rxf5 Re8
34. Rf7 Re1+ 35. Kf2 Rh1 36. Nf1 Kg8 37. Rf3 Re8 1-0

[Event "Donau Open 98"]
[Site "Wien"]
[Date "1998.05.22"]
[Round "7"]
[White "Balinov, I"]
[Black "Lau, R"]
[Result "0-1"]
[WhiteElo "2485"]
[BlackElo "2475"]
[PlyCount "48"]
[EventDate "1998.05.22"]

1. e4 d5 2. exd5 Qxd5 3. Nc3 Qa5 4. d4 Nf6 5. Nf3 c6 6. Bc4 Bf5 7. Bd2 e6 8.
Nd5 Qd8 9. Nxf6+ gxf6 10. c3 Nd7 11. Nh4 Bg6 12. Qf3 Nb6 13. Bb3 a5 14. Qh3 Bg7
15. a4 Nd5 16. O-O Qb6 17. c4 Ne7 18. d5 cxd5 19. cxd5 Rd8 20. dxe6 Rxd2 21.
Rae1 O-O 22. Re3 Rxb2 23. Rg3 f5 24. exf7+ Bxf7 0-1

[Event "Donau Open 98"]
[Site "Wien"]
[Date "1998.05.22"]
[Round "7"]
[White "Schroll, G"]
[Black "Kummer, H"]
[Result "1-0"]
[WhiteElo "2395"]
[BlackElo "2370"]
[PlyCount "79"]
[EventDate "1998.05.22"]

1. d4 Nf6 2. c4 d6 3. Nf3 g6 4. Nc3 Bf5 5. Nh4 Bd7 6. e4 e5 7. Nf3 exd4 8. Nxd4
Bg7 9. Be2 O-O 10. Be3 Nc6 11. Qd2 Ng4 12. Bxg4 Bxg4 13. f3 Bd7 14. O-O a6 15.
Rfe1 Rb8 16. Nxc6 Bxc6 17. Bd4 Re8 18. Rac1 Qd7 19. Bxg7 Kxg7 20. Qd4+ f6 21.
b4 Re7 22. b5 axb5 23. cxb5 Bxb5 24. Nd5 Rf7 25. Rxc7 Qe6 26. Rb1 Bc6 27. Rxc6
bxc6 28. Rxb8 cxd5 29. Qxd5 Qd7 30. Rb1 Qa7+ 31. Kh1 Qe3 32. h4 Re7 33. Rb7
Rxb7 34. Qxb7+ Kh6 35. Qd5 Qc1+ 36. Kh2 Qe1 37. Qe6 f5 38. Qf6 fxe4 39. Qf8+
Kh5 40. g4+ 1-0

[Event "Donau Open 98"]
[Site "Wien"]
[Date "1998.05.22"]
[Round "7"]
[White "Posch, W"]
[Black "Certek, P"]
[Result "1/2-1/2"]
[WhiteElo "2270"]
[BlackElo "2255"]
[PlyCount "79"]
[EventDate "1998.05.22"]

1. e4 c5 2. Nc3 g6 3. g3 Bg7 4. Bg2 Nc6 5. d3 e6 6. Be3 d6 7. Qd2 Qa5 8. Nge2
Nd4 9. O-O Ne7 10. f4 O-O 11. Rf2 Nec6 12. a3 Bd7 13. g4 Nxe2+ 14. Rxe2 f5 15.
gxf5 gxf5 16. Kh1 Nd4 17. Rf2 Kh8 18. Rg1 Be8 19. Qd1 Bg6 20. Nb1 Qa4 21. b3
Qe8 22. Nd2 Bh5 23. Bf3 Nxf3 24. Nxf3 Bf6 25. Qe1 Rg8 26. Bd2 Rxg1+ 27. Kxg1
Qf7 28. Ng5 Qg7 29. Rg2 Rg8 30. Qh4 Bf3 31. Rg3 fxe4 32. Qh3 Bxg5 33. Rxg5 Qa1+
34. Kf2 Rxg5 35. fxg5 Qd1 36. Bc3+ e5 37. Qc8+ Kg7 38. Qd7+ Kg8 39. Qe8+ Kg7
40. Qe7+ 1/2-1/2

[Event "Donau Open 98"]
[Site "Wien"]
[Date "1998.05.22"]
[Round "7"]
[White "Petran, P"]
[Black "Kreindl, H"]
[Result "1-0"]
[WhiteElo "2335"]
[BlackElo "2270"]
[PlyCount "87"]
[EventDate "1998.05.22"]

1. g3 e5 2. Bg2 d5 3. d3 c6 4. Nf3 Bd6 5. O-O Nf6 6. c4 O-O 7. cxd5 cxd5 8. Bg5
Nbd7 9. Nc3 h6 10. Bxf6 Nxf6 11. Rc1 Be6 12. d4 e4 13. Ne1 Qd7 14. f3 exf3 15.
exf3 b5 16. Nd3 Rac8 17. Ne5 Qb7 18. Qd2 Rc7 19. Ne2 Rfc8 20. Nd3 Bf5 21. Rxc7
Rxc7 22. Rc1 Qb6 23. Bf1 a5 24. Qe3 Rc4 25. b3 Rxc1 26. Nexc1 Qc6 27. Nc5 Bxc5
28. dxc5 Kf8 29. Ne2 Bd7 30. Nd4 Qb7 31. Qe5 Ne8 32. a3 b4 33. a4 f6 34. Qe3
Qc8 35. Bb5 Kf7 36. c6 Bh3 37. g4 Bxg4 38. fxg4 Qxg4+ 39. Kf2 Qh4+ 40. Kf1 Nc7
41. Nf5 Qxh2 42. Qe7+ Kg6 43. Qxg7+ Kxf5 44. Bd3+ 1-0

[Event "Donau Open 98"]
[Site "Wien"]
[Date "1998.05.22"]
[Round "7"]
[White "Wockenfuss, K"]
[Black "Mahdy, K"]
[Result "1/2-1/2"]
[WhiteElo "2320"]
[BlackElo "2405"]
[PlyCount "35"]
[EventDate "1998.05.22"]

1. d4 Nf6 2. Nc3 c5 3. d5 e5 4. e4 d6 5. f4 exf4 6. Bxf4 Be7 7. Bb5+ Nbd7 8.
Nf3 O-O 9. a4 a6 10. Bd3 Ng4 11. Qd2 Re8 12. h3 Nge5 13. Nxe5 Nxe5 14. Bxe5
dxe5 15. O-O b6 16. Rf3 Rf8 17. Raf1 Ra7 18. Qe2 1/2-1/2

[Event "Donau Open 98"]
[Site "Wien"]
[Date "1998.05.22"]
[Round "7"]
[White "Mujovic, S"]
[Black "Alvir, A"]
[Result "0-1"]
[WhiteElo "2225"]
[BlackElo "2400"]
[PlyCount "73"]
[EventDate "1998.05.22"]

1. e4 c5 2. Nf3 d6 3. d4 cxd4 4. Nxd4 Nf6 5. Nc3 a6 6. Be2 e5 7. Nb3 Be7 8. Be3
O-O 9. f3 Be6 10. Qd2 b5 11. O-O-O Nbd7 12. g4 Nb6 13. Qe1 b4 14. Qf2 bxc3 15.
Bxb6 cxb2+ 16. Kxb2 Qc8 17. h4 Qc6 18. g5 Nd7 19. Ba5 Rfc8 20. Bd3 Rab8 21. Bf1
Qa4 22. Bc3 Nc5 23. Rd5 Bxd5 24. exd5 Qf4 25. Bd2 Qf5 26. Be3 Na4+ 27. Kc1 Rc7
28. Bxa6 e4 29. f4 Qxd5 30. f5 Qc6 31. Bf1 d5 32. Bd4 Ba3+ 33. Kd1 e3 34. Qg2
Nc3+ 35. Bxc3 Qxc3 36. Bd3 Re8 37. Ke2 0-1

[Event "Donau Open 98"]
[Site "Wien"]
[Date "1998.05.22"]
[Round "7"]
[White "Vrana, F"]
[Black "Hangweyrer, M"]
[Result "0-1"]
[WhiteElo "2215"]
[BlackElo "2385"]
[PlyCount "78"]
[EventDate "1998.05.22"]

1. e4 d5 2. exd5 Nf6 3. d4 Nxd5 4. Nf3 g6 5. Be2 Bg7 6. O-O O-O 7. Re1 Nc6 8.
Bg5 h6 9. Bh4 Bf5 10. c3 Re8 11. Na3 a6 12. Nc4 g5 13. Bg3 e6 14. Nfe5 Nxe5 15.
Nxe5 Re7 16. Qb3 Qc8 17. Bf3 Nb6 18. c4 Rb8 19. c5 Nd7 20. c6 Nxe5 21. Bxe5
bxc6 22. Qa3 Rd7 23. Bxc6 Rd8 24. Bxg7 Kxg7 25. Qc3 Kg8 26. Re5 Rb6 27. Rc5 Bg6
28. Bf3 Qb8 29. b3 Rbd6 30. Rd1 Qb6 31. g3 Kh7 32. h4 gxh4 33. gxh4 R6d7 34.
Bc6 Re7 35. h5 Bf5 36. Re1 Rg8+ 37. Kf1 Rg5 38. Qf3 Qb4 39. Be4 Rg1+ 0-1

[Event "Donau Open 98"]
[Site "Wien"]
[Date "1998.05.22"]
[Round "7"]
[White "Havlicek, J"]
[Black "Vavrak, P"]
[Result "1-0"]
[WhiteElo "2160"]
[BlackElo "2210"]
[PlyCount "99"]
[EventDate "1998.05.22"]

1. e4 e6 2. d4 d5 3. Nc3 Bb4 4. e5 c5 5. a3 Bxc3+ 6. bxc3 Qc7 7. Qg4 f5 8. Qg3
cxd4 9. cxd4 Ne7 10. Bd2 O-O 11. Nf3 b6 12. Bd3 Ba6 13. O-O Bxd3 14. cxd3 Nbc6
15. Rfc1 Qd7 16. h4 Rac8 17. h5 f4 18. Bxf4 Nf5 19. Qg4 Ncxd4 20. Nxd4 Nxd4 21.
h6 g6 22. Bg5 Nf5 23. Qb4 Kf7 24. g4 Ne7 25. Qd6 Qb7 26. d4 Nc6 27. a4 Nxd4 28.
Rxc8 Rxc8 29. Ra3 Qc7 30. Rd3 Qxd6 31. exd6 Nc6 32. Rc3 Ke8 33. Rf3 Nd8 34. Rf6
d4 35. Kf1 Rc5 36. Rxg6 Nf7 37. Rxe6+ Kd7 38. Re7+ Kxd6 39. Rxf7 Rxg5 40. f3
Re5 41. Rxh7 d3 42. Rh8 Kc7 43. h7 d2 44. Rc8+ Kxc8 45. h8=Q+ Kb7 46. Qh7+ Kb8
47. Qb1 Rc5 48. Qd1 Rd5 49. Ke2 Kb7 50. Qxd2 1-0

[Event "Donau Open 98"]
[Site "Wien"]
[Date "1998.05.22"]
[Round "7"]
[White "Mayr, T"]
[Black "Lenz, A"]
[Result "1/2-1/2"]
[WhiteElo "2060"]
[BlackElo "2220"]
[PlyCount "45"]
[EventDate "1998.05.22"]

1. e4 e6 2. d4 d5 3. e5 c5 4. c3 Nc6 5. Nf3 Qb6 6. Be2 Nh6 7. Bxh6 gxh6 8. Qd2
cxd4 9. cxd4 Bg7 10. O-O O-O 11. Nc3 Bd7 12. Bd3 Kh8 13. Bb1 Ne7 14. h4 f5 15.
exf6 Rxf6 16. Ne5 Be8 17. h5 Bxh5 18. Nd7 Qb4 19. Nxf6 Bxf6 20. Qxh6 Bg6 21.
Bxg6 Nxg6 22. Qe3 Bxd4 23. Qxe6 1/2-1/2

[Event "Donau Open 98"]
[Site "Wien"]
[Date "1998.05.23"]
[Round "8"]
[White "Lau, R."]
[Black "Schroll, G."]
[Result "1/2-1/2"]
[WhiteElo "2475"]
[BlackElo "2395"]
[PlyCount "36"]
[EventDate "1998.05.23"]

1. e4 Nf6 2. e5 Nd5 3. d4 d6 4. Nf3 Nc6 5. c4 Nb6 6. e6 fxe6 7. Be3 e5 8. d5
Nd4 9. Nxd4 exd4 10. Qxd4 e5 11. Qd2 Bf5 12. Nc3 Be7 13. b3 Nd7 14. Bd3 Bxd3
15. Qxd3 Bg5 16. Qf5 Bxe3 17. fxe3 Qf6 18. O-O Qxf5 1/2-1/2

[Event "Donau Open 98"]
[Site "Wien"]
[Date "1998.05.23"]
[Round "8"]
[White "Stanec, N."]
[Black "Petran, P."]
[Result "1/2-1/2"]
[WhiteElo "2485"]
[BlackElo "2335"]
[PlyCount "63"]
[EventDate "1998.05.23"]

1. d4 f5 2. g3 g6 3. Bg2 Bg7 4. Nh3 d6 5. c3 c6 6. Qb3 Qb6 7. Qc2 e5 8. dxe5
dxe5 9. Nd2 Nf6 10. e4 O-O 11. O-O Kh8 12. Nc4 Qc7 13. exf5 Bxf5 14. Qe2 Nbd7
15. Ne3 Rae8 16. Nxf5 gxf5 17. Bg5 Nb6 18. Qc2 Nfd5 19. c4 Nb4 20. Qe2 a5 21.
Be3 Nd7 22. Ng5 Na6 23. Qh5 Nf6 24. Qh3 h6 25. Nf3 Ng4 26. Nh4 Qf7 27. Be4 Qh5
28. Bg2 Bf6 29. Nf3 Qxh3 30. Bxh3 Nxe3 31. fxe3 f4 32. e4 1/2-1/2

[Event "Donau Open 98"]
[Site "Wien"]
[Date "1998.05.23"]
[Round "8"]
[White "Certek, P."]
[Black "Tibensky, R."]
[Result "0-1"]
[WhiteElo "2255"]
[BlackElo "2435"]
[PlyCount "116"]
[EventDate "1998.05.23"]

1. Nf3 Nf6 2. g3 d5 3. Bg2 c6 4. d3 h6 5. Nbd2 Bf5 6. O-O e6 7. e3 Be7 8. Qe2
O-O 9. b3 Bh7 10. Bb2 a5 11. a3 Na6 12. h3 Nc5 13. Rfe1 Re8 14. Nh2 Nfd7 15. e4
dxe4 16. dxe4 e5 17. Ng4 Bf8 18. a4 Qc7 19. Rad1 Bg6 20. Ne3 Ne6 21. Nf5 Bb4
22. c3 Bf8 23. Nc4 Red8 24. Qc2 Rab8 25. Nh4 Bh7 26. Rd2 b5 27. axb5 cxb5 28.
Ne3 Nb6 29. Red1 a4 30. Rxd8 Rxd8 31. Rxd8 Nxd8 32. b4 Nb7 33. Bf1 Nd6 34. Bd3
Qc6 35. Nd5 Bxe4 36. Nxb6 Bxd3 37. Qxd3 Qxb6 38. Qd5 Nc4 39. Ba1 a3 40. Kg2 g6
41. Nf3 Qb8 42. h4 Qe8 43. Kf1 Bg7 44. Ke2 Kh7 45. Nd2 Nb6 46. Qd6 Nc8 47. Qa6
e4 48. Qxa3 Nd6 49. Nf1 Nc4 50. Qa2 Qd7 51. Qc2 Qg4+ 52. Ke1 Qf3 53. Nh2 Qg2
54. Nf1 e3 55. Qe2 exf2+ 56. Qxf2 Qa8 57. Bb2 Qa2 58. Bc1 Bxc3+ 0-1